000 00363pab a2200157 454500
008 180718b2008 xxu||||| |||| 00| 0 eng d
100 _aBandyopadhyay, D.
245 _aDoes land still matter?
260 _c2008
300 _ap.37-42.
362 _a8 Mar
650 _aLand reform
773 _aEconomic and Political Weekly
908 _aN
909 _a77520
999 _c77520
_d77520